[Event "34th NCC"]
[Site "Philadelphia USA"]
[Date "2003.11.28"]
[Round "1"]
[White "Shapiro,D"]
[Black "Stripunsky,A"]
[Result "0-1"]
[WhiteElo "2264"]
[BlackElo "2530"]

1.d4 d5 2.c4 c6 3.Nf3 Nf6 4.Nc3 a6 5.a4 e6 6.e3 c5 7.cxd5 exd5 8.Be2 Nc6
9.O-O Bd6 10.b3 cxd4 11.exd4 h6 12.Ba3 Bxa3 13.Rxa3 O-O 14.Ra2 Qd6 15.Qb1 Bg4
16.Rd1 Rac8 17.h3 Bxf3 18.Bxf3 Nb4 19.Ne2 Nxa2 20.Qxa2 Rfe8 21.Qd2 Qa3 22.Qd3 Qb4
23.g3 Ne4 24.Kg2 b5 25.axb5 Qxb5 26.Qxb5 axb5 27.Nf4 Rc2 28.Nd3 Nc3 29.Nb4 Nxd1
30.Nxc2 Nc3 31.Nb4 Re1 32.Nxd5 Nxd5 33.Bxd5 Rd1 34.Bc6 b4 35.Bb5 Rxd4 36.Kf3 Kf8
37.Ke3 Rd8 38.Bc6 Ke7 39.Be4 g5 40.Bd3 f6 41.Bc4 Ra8 42.Bd5 Ra1 43.f4 Kd6
44.Bc4 Rh1  0-1

[Event "TCh-AUT 2003-4"]
[Site "Graz AUT"]
[Date "2003.11.30"]
[Round "3"]
[White "Beck,H"]
[Black "Knoll,H"]
[Result "1/2-1/2"]
[WhiteElo "2280"]
[BlackElo "2364"]

1.d4 d5 2.c4 c6 3.Nf3 Nf6 4.Nc3 a6 5.cxd5 cxd5 6.Bf4 Nc6 7.e3 Nh5 8.Bg5 h6
9.Bh4 g5 10.Nd2 Nf6 11.Bg3 Bf5 12.Nb3 e6 13.Bd3 Bxd3 14.Qxd3 Rc8 15.O-O Nb4
16.Qe2 Qd7 17.Be5 Bg7 18.f4 g4 19.a3 Nc6 20.Bxf6 Bxf6 21.Qxg4 Ne7 22.Nc5 Qc6
23.Nd3 Nf5 24.Qf3 Rg8 25.g3 Qc4 26.Nf2 Ke7 27.Kh1 Qb3 28.Rab1 h5 29.Rfc1 a5
30.Qd1 Qxd1+ 31.Ncxd1 Kd7 32.Kg2 Nh4+ 33.Kh1 Nf5 34.Kg1 Nd6 35.Kf1 Nc4 36.Ke2 b5
37.Kd3 Be7 38.Ra1 f5 39.Rc2 h4 40.gxh4 Rg2 41.h3 a4 42.h5 Rh8 43.Kc3 Rg3
44.Re2 Rxh5 45.Nd3 Rhxh3 46.Ne5+ Nxe5 47.dxe5 Rh1 48.Kd2 Rgg1 49.Rc1 Bh4
50.Kc2 Bg3 51.Rb1 Be1 52.Nc3 Kc6 53.Kd3 Bxc3 54.Rxg1 Rxg1 55.Kxc3 Kb6 56.Rh2 Rc1+
57.Kd2  1/2-1/2

[Event "ch-GRE"]
[Site "Aspropyrgos GRE"]
[Date "2003.12.03"]
[Round "5"]
[White "Simeonidis,I"]
[Black "Skaperdas,K"]
[Result "1-0"]
[WhiteElo "2340"]
[BlackElo "2285"]

1.Nf3 d5 2.d4 Nf6 3.c4 c6 4.Nc3 a6 5.a4 e6 6.g3 dxc4 7.Bg2 c5 8.dxc5 Qxd1+
9.Nxd1 Bxc5 10.Ne5 Nd5 11.O-O f6 12.Nxc4 Nc6 13.Nc3 Nxc3 14.bxc3 Ke7 15.Nd2 Kf7
16.Ne4 Be7 17.Be3 Na5 18.Rfd1 Nc4 19.Bc5 Rd8 20.Rxd8 Bxd8 21.Rd1 Be7 22.Rd4 Bxc5
23.Nxc5 Na5 24.Rd8 Nc6 25.Bxc6 bxc6 26.Rd6 e5 27.a5 Rb8 28.Rxc6 Rb1+ 29.Kg2 Bb7
30.Nxb7 Rxb7 31.Kf3 Rb5 32.Rxa6 Rc5 33.Ke4 Rxc3 34.Rb6 Rc5 35.a6 Ra5 36.Rb7+ Kg6
37.a7 f5+ 38.Kd3 Kf6 39.h4 h5 40.Kc4 g5 41.Kb4 Ra1 42.Kb5 Rb1+ 43.Kc6 Ra1
44.Kc7 f4 45.Kb8 e4 46.a8=Q  1-0

[Event "22nd SEA Games Team Rapid"]
[Site "Ho Chi Minh City VIE"]
[Date "2003.12.06"]
[Round "4.1"]
[White "Dao Thien Hai"]
[Black "Paragua,M"]
[Result "1-0"]
[WhiteElo "2590"]
[BlackElo "2500"]

1.d4 d5 2.c4 c6 3.Nf3 Nf6 4.Nc3 a6 5.a4 e6 6.Bg5 Nbd7 7.Rc1 Qa5 8.Bd2 Bb4
9.e3 O-O 10.Be2 c5 11.cxd5 exd5 12.O-O c4 13.Ra1 Nb8 14.Ne5 Bxc3 15.Bxc3 Qc7
16.b3 cxb3 17.Qxb3 Nc6 18.Rfc1 Be6 19.Rab1 Rfb8 20.Be1 Ne4 21.f3 Nd6 22.Bg3 Qd8
23.Qa3 Ne7 24.Nd7 Nef5 25.Nxb8 Nxg3 26.hxg3 Rxb8 27.a5 h5 28.Qc5 Nf5 29.Qc7 Qe8
30.Qf4 Rc8 31.Bd3 Ne7 32.Rxc8 Bxc8 33.Qe5 f6 34.Qd6 Kh8 35.Kh2 h4 36.gxh4 Nc6  1-0

[Event "22nd SEA Games Team Rapid"]
[Site "Ho Chi Minh City VIE"]
[Date "2003.12.06"]
[Round "5.1"]
[White "Goh Koon Jong,J"]
[Black "Paragua,M"]
[Result "0-1"]
[WhiteElo "2314"]
[BlackElo "2500"]

1.d4 d5 2.c4 c6 3.Nf3 Nf6 4.Nc3 a6 5.c5 Nbd7 6.Bf4 Nh5 7.Bd2 Qc7 8.e4 dxe4
9.Nxe4 Ndf6 10.Nxf6+ Nxf6 11.Bc4 Bf5 12.O-O e6 13.Qe2 Be7 14.Rac1 O-O 15.Rfd1 Rad8
16.Qe1 Rd7 17.Ba5 Qf4 18.Qe5 Qh6 19.Qe3 Qh5 20.Be2 Bg4 21.h3 Bxf3 22.Bxf3 Qf5
23.Bc3 Nd5 24.Qe4 Qxe4 25.Bxe4 Rfd8 26.Ba5 Rc8 27.Rc2 Bd8 28.Bc3 Bc7 29.Rcd2 Rcd8
30.g3 h5 31.h4 g6 32.Kf1 Re8 33.Re1 b5 34.cxb6 Bxb6 35.Red1 Red8 36.Ke2 Ne7
37.Bd3 a5 38.Be4 Nd5 39.Bd3 Re8 40.Be4 Rc8 41.Kf3 Ne7 42.Ke2 f5 43.Bc2 Nd5
44.Bb3 Kf7 45.Kf3 Nf6 46.Bc2 Nd5 47.Bb3 Rcd8 48.Ke2 Ra8 49.Ba4 Rd6 50.Kf3 Bd8
51.Rc2 Nb6 52.Bb3 a4  0-1

[Event "22nd SEA Games Standard"]
[Site "Ho Chi Minh City VIE"]
[Date "2003.12.09"]
[Round "3"]
[White "Dao Thien Hai"]
[Black "Dableo,R"]
[Result "1/2-1/2"]
[WhiteElo "2590"]
[BlackElo "2305"]

1.d4 d5 2.c4 c6 3.Nf3 Nf6 4.Nc3 a6 5.a4 a5 6.Bg5 e6 7.e3 Na6 8.Rc1 Nb4 9.Be2 Be7
10.O-O O-O 11.Ne5 b6 12.f4 Ne8 13.Bxe7 Qxe7 14.e4 f6 15.Nf3 Nd6 16.cxd5 cxd5
17.e5 fxe5 18.Nxe5 Bb7 19.Bb5 Ba6 20.Bxa6 Nxa6 21.Qe2 Nb4 22.g3 Rac8 23.Rfe1 Rfe8
24.Nf3 h6 25.Ne5 Nf7 26.Nxf7 Qxf7 27.Nb5 Rxc1 28.Rxc1 Qg6 29.Rc3 Kh7 30.Kg2 Rf8
31.Kf2 Qb1 32.h4 Rf6 33.Kg2 Qa2 34.Ra3 Qb1 35.Re3 Qg6 36.Kh2 Qf7 37.Rc3 Qe8
38.Rc7 Qg6 39.Nd6 h5 40.Nc8 Qf5 41.Rc3 Rf8 42.Nxb6 Rd8 43.Rc7 Nd3 44.Rc3 Nb4
45.Kg2 Qe4+ 46.Qxe4+ dxe4 47.Rc5 Rxd4 48.Rxh5+ Kg6 49.Rxa5 Nd5 50.Nxd5 exd5
51.g4 Rd2+ 52.Kg3 e3 53.f5+ Kf7 54.Ra7+ Kf8 55.Ra8+ Ke7 56.Ra7+ Kf8 57.Ra8+ Ke7  1/2-1/2

[Event "22nd SEA Games Standard"]
[Site "Ho Chi Minh City VIE"]
[Date "2003.12.10"]
[Round "4"]
[White "Goh Koon Jong,J"]
[Black "Antonio,R"]
[Result "0-1"]
[WhiteElo "2314"]
[BlackElo "2521"]

1.d4 d5 2.c4 c6 3.Nf3 Nf6 4.Nc3 a6 5.c5 Nbd7 6.h3 Qc7 7.b4 g6 8.g3 e5 9.Nxe5 Nxe5
10.Bf4 Nfd7 11.dxe5 Bg7 12.Bg2 Nxe5 13.O-O Qe7 14.e3 Be6 15.Rc1 O-O 16.Ne2 f5
17.Nd4 Nf7 18.h4 h6 19.Bh3 Bd7 20.Qd3 Qf6 21.Bc7 Rac8 22.Ba5 Ne5 23.Qe2 Rfe8
24.Nb3 f4 25.Bxd7 Nxd7 26.gxf4 Qxf4 27.exf4 Rxe2 28.Rfe1 Rxe1+ 29.Rxe1 Kf7
30.Kg2 h5 31.Kg3 Nf8 32.Re3 Ne6 33.Bb6 Nd4 34.Nxd4 Bxd4 35.Rd3 Bf6 36.a4 Ke6
37.b5 d4 38.bxa6 bxa6 39.Kf3 Kd5 40.Rd1 Bxh4 41.Rh1 Be7 42.Ke2 Ke4 43.Rg1 Kf5
44.Kd3 Bf6 45.Ba5 h4 46.Be1 Rb8 47.Ke2 h3  0-1

[Event "22nd SEA Games Standard"]
[Site "Ho Chi Minh City VIE"]
[Date "2003.12.10"]
[Round "5"]
[White "Kyaw Kyaw Soe"]
[Black "Yap Choow Tun"]
[Result "1-0"]
[WhiteElo "2376"]
[BlackElo "2054"]

1.d4 d5 2.c4 c6 3.Nf3 Nf6 4.Nc3 a6 5.a4 Bf5 6.e3 e6 7.Be2 Nbd7 8.O-O Bd6
9.Nh4 Bg6 10.c5 Bc7 11.f4 Ne4 12.Nxg6 hxg6 13.Nxe4 dxe4 14.g3 Qe7 15.Qc2 f5
16.Bd2 Nf6 17.b4 Kf7 18.b5 axb5 19.axb5 Rac8 20.bxc6 bxc6 21.Ra7 Rh3 22.Rf2 Nd5
23.Ba6 Rd8 24.Qa4 Qd7 25.Ba5 Rdh8 26.Bxc7 Nxc7 27.Qa5  1-0

[Event "22nd SEA Games Standard"]
[Site "Ho Chi Minh City VIE"]
[Date "2003.12.11"]
[Round "6"]
[White "Wong Meng Kong"]
[Black "Dableo,R"]
[Result "1/2-1/2"]
[WhiteElo "2487"]
[BlackElo "2305"]

1.d4 d5 2.c4 c6 3.Nf3 Nf6 4.Nc3 a6 5.a4 e6 6.Bg5 a5 7.e3 Na6 8.Be2 Be7 9.O-O O-O
10.Rc1 Nb4 11.Qb3 b6 12.Rfd1 Ba6 13.cxd5 Bxe2 14.Nxe2 exd5 15.Nf4 h6 16.Bxf6 Bxf6
17.Nd3 Qd6 18.Nfe1 Rac8 19.Nxb4 axb4 20.a5 c5 21.dxc5 bxc5 22.Rxd5 c4 23.Rxd6 cxb3
24.Nd3 Bxb2 25.Rb1 Bc3 26.Rb6 Rfd8 27.Nxb4 b2 28.Nc6 Bf6 29.a6 Rd7 30.g3 Rdc7
31.R1xb2 Bxb2 32.a7 Be5 33.Nxe5 Rxa7 34.Rb2 Rca8 35.h4 h5 36.Nd3 Ra2 37.Rxa2 Rxa2
38.Kg2 g6 39.Nf4 Kg7 40.Kf3 Kf6 41.Nh3 Kf5 42.Nf4 Ra3 43.Nd5 Ke5 44.Nf4 Rb3
45.Nh3 Kf5 46.Nf4 Ra3 47.Nd5 Ra4 48.Nf4 f6 49.Ne2 g5 50.hxg5 fxg5 51.Nd4+ Ke5
52.g4 h4 53.Ne2 Ra2 54.Ng1  1/2-1/2

[Event "Salona GM"]
[Site "Solin-Split CRO"]
[Date "2003.12.13"]
[Round "2"]
[White "Cvitan,O"]
[Black "Kovalevskaya,E"]
[Result "1/2-1/2"]
[WhiteElo "2516"]
[BlackElo "2447"]

1.d4 d5 2.Nf3 Nf6 3.c4 c6 4.Nc3 a6 5.cxd5 cxd5 6.Bf4 Ne4 7.Rc1 Nc6 8.Ne5 Nxc3
9.Rxc3 Bd7 10.e3 e6 11.a3 Nxe5 12.Bxe5 Rc8 13.Rxc8 Qxc8 14.Bd3 f6 15.Bg3 Kf7
16.O-O Be7 17.Qb1 Qa8 18.e4 b5 19.exd5 Qxd5 20.Be4 Qxd4 21.Rd1 Qa7 22.h4 g6
23.Qc1 e5 24.Qh6 Bf5 25.Bd5+  1/2-1/2

[Event "RUS-UKR Blitz g/3"]
[Site "bereg.ru INT"]
[Date "2003.12.14"]
[Round "1"]
[White "Komarov,D"]
[Black "Belov,Vl"]
[Result "0-1"]
[WhiteElo "2566"]
[BlackElo "2553"]

1.d4 d5 2.c4 c6 3.Nf3 Nf6 4.Nc3 a6 5.e3 b5 6.b3 Bg4 7.Be2 Nbd7 8.O-O Qb8
9.h3 Bh5 10.a4 b4 11.Nb1 e6 12.Nbd2 c5 13.Bb2 Be7 14.dxc5 Nxc5 15.Ne5 Bxe2
16.Qxe2 Qb7 17.cxd5 exd5 18.Nd3 Ne6 19.Nf3 O-O 20.Nd4 Rfd8 21.Rac1 Rac8 22.Nf5 Ne4
23.Qg4 Nc3 24.Nxe7+ Qxe7 25.Rc2 d4 26.e4 a5 27.f4 Nc5 28.Nxc5 Rxc5 29.Kh2 Qxe4
30.Rd2 h5 31.Rf3 hxg4  0-1

[Event "RUS-UKR Blitz g/3"]
[Site "bereg.ru INT"]
[Date "2003.12.14"]
[Round "5"]
[White "Komarov,D"]
[Black "Najer,E"]
[Result "0-1"]
[WhiteElo "2566"]
[BlackElo "2608"]

1.d4 d5 2.Nf3 Nf6 3.c4 c6 4.Nc3 a6 5.e3 e6 6.b3 Bb4 7.Bd2 Nbd7 8.Bd3 O-O
9.O-O Bd6 10.e4 dxc4 11.bxc4 e5 12.d5 h6 13.Rb1 Nc5 14.Bc2 Bg4 15.h3 Bh5
16.Re1 Qd7 17.Be3 Qe7 18.g4 Bg6 19.Nd2 Nh7 20.Kg2 Rfe8 21.Rh1 Nf6 22.f3 Rad8
23.h4 Nfd7 24.h5 Bh7 25.Nf1 Nf8 26.Ng3 Qc7 27.Qd2 Ncd7 28.g5 hxg5 29.Bxg5 f6
30.Be3 Bc5 31.Rbg1 Bxe3 32.Qxe3 Qb6 33.Qd2 Qd4 34.Qxd4 exd4 35.Nce2 c5 36.f4 b5
37.cxb5 axb5 38.h6 g6 39.Nf5 Nb6 40.Ng7 Re7 41.Ng3 c4 42.N3f5 gxf5 43.Nxf5 Bxf5
44.exf5 Kh8 45.Kf3 d3 46.Bd1 Nxd5 47.Re1 Rde8 48.Rxe7 Rxe7 49.Kf2 Nxf4 50.Bf3 c3
51.Rc1 c2 52.a3 Nd7 53.Ra1 Nc5 54.Rg1 Nh3+ 55.Kg2 Nxg1 56.Kxg1 c1=Q+ 57.Kf2 Qe3+
58.Kg2 Ne4  0-1

[Event "RUS-UKR Blitz g/3"]
[Site "bereg.ru INT"]
[Date "2003.12.14"]
[Round "5"]
[White "Moiseenko,A"]
[Black "Rustemov,A"]
[Result "0-1"]
[WhiteElo "2618"]
[BlackElo "2604"]

1.d4 d5 2.c4 c6 3.Nc3 Nf6 4.Nf3 a6 5.g3 e6 6.Bg2 b5 7.c5 Nbd7 8.O-O Be7 9.b4 a5
10.bxa5 Qxa5 11.Qb3 O-O 12.a4 b4 13.Nd1 Ba6 14.Qb2 Ne4 15.Re1 Ndxc5 16.Ne5 Bb7
17.dxc5 Nxc5 18.Bf4 Nxa4 19.Qc2 c5 20.Nb2 b3 21.Qxb3 Qb6 22.Qxb6 Nxb6 23.Reb1 Rxa1
24.Rxa1 Ra8 25.Rxa8+ Bxa8 26.Kf1 f6 27.Ned3 Kf7 28.Be3 Nd7 29.f4 Bc6 30.Ke1 Bb5
31.Kd1 d4 32.Bf2 c4 33.Ne1 Ba3 34.Bxd4 e5 35.fxe5 Nxe5 36.Nc2 Bd6 37.Bc3 Ng4
38.h3 Nf2+ 39.Ke1 Bxg3 40.Kf1 Bd7 41.Bd5+ Ke7 42.Bg2 Bxh3 43.Bxh3 Nxh3 44.Kg2 Nf4+
45.Kxg3 Nxe2+ 46.Kf2 Nxc3 47.Nxc4 Nd5 48.Kf3 Kf7 49.Nd4 Ne7 50.Nb5 g6 51.Nbd6+ Ke6
52.Ne4 Nc6 53.Ned2 Ne5+ 54.Kf2 Nxc4 55.Nxc4 h5 56.Ne3 g5 57.Ng2 f5 58.Ne1 h4
59.Nd3 Kf6 60.Ne1 g4 61.Nd3 Kg5 62.Kg2 f4 63.Kf2 h3 64.Kg1 g3 65.Ne5 Kf5
66.Nf3 Kg4 67.Ne5+ Kf5 68.Nf3 h2+ 69.Kg2 Ke4 70.Ng5+ Ke3  0-1

[Event "RUS-UKR Blitz g/3"]
[Site "bereg.ru INT"]
[Date "2003.12.14"]
[Round "7"]
[White "Belov,Vl"]
[Black "Vysochin,S"]
[Result "1/2-1/2"]
[WhiteElo "2553"]
[BlackElo "2584"]

1.d4 d5 2.c4 c6 3.Nc3 Nf6 4.Nf3 a6 5.c5 Nbd7 6.Bf4 Nh5 7.Be3 Qc7 8.g3 e5
9.Nxe5 Nxe5 10.dxe5 Qxe5 11.Bd4 Qg5 12.e4 Bg4 13.Be2 Bxe2 14.Qxe2 Be7 15.h4 Qg6
16.exd5 O-O 17.O-O-O Rfe8 18.Qd3 cxd5 19.Qxg6 hxg6 20.Nxd5 Rac8 21.Nxe7+ Rxe7
22.Rhe1 Rd7 23.Be3 Rxd1+ 24.Rxd1 Nf6 25.Kb1 Ne4 26.Rd5 Nf6 27.Rd6 Kf8 28.f3 Ke8
29.g4 a5 30.a3 a4 31.Bd4 Nd7 32.Rd5 f6 33.h5 gxh5 34.Rxh5 Ke7 35.b3 Ke6 36.b4 Ne5
37.Bxe5 fxe5 38.Kc2 Rf8 39.Rh3 Kd5 40.Kc3 Rf4 41.Rg3 e4 42.fxe4+ Kxe4 43.Kc4 g5
44.b5 Ke5+ 45.Kc3 Kd5 46.Re3 Kxc5 47.Re5+ Kb6 48.Rxg5 Rf2 49.Rf5 Rg2 50.g5 Rg3+
51.Kc4 Rg4+ 52.Kd5 Rg3 53.Ke6 Rxa3 54.g6 Rg3 55.Kf6 a3 56.Rg5 Rxg5 57.Kxg5 a2
58.g7 a1=Q 59.g8=Q Qg1+ 60.Kf5 Qxg8 61.Ke4 Kxb5 62.Ke3 Kc4 63.Ke2 Qg3 64.Kd2  1/2-1/2

[Event "RUS-UKR Blitz g/3"]
[Site "bereg.ru INT"]
[Date "2003.12.14"]
[Round "12"]
[White "Komarov,D"]
[Black "Kobalia,M"]
[Result "0-1"]
[WhiteElo "2566"]
[BlackElo "2656"]

1.d4 d5 2.Nf3 Nf6 3.c4 c6 4.Nc3 a6 5.e3 e6 6.b3 Bb4 7.Bd2 O-O 8.Bd3 Nbd7
9.O-O Qe7 10.Qe2 Re8 11.Na4 Bd6 12.Nc3 e5 13.dxe5 Nxe5 14.cxd5 Bg4 15.e4 cxd5
16.exd5 Qc7 17.Ne4 Nxf3+ 18.gxf3 Bxh2+ 19.Kg2 Nxe4 20.Bxe4 f5 21.Rac1 Qd6
22.Rh1 Rxe4 23.Qxe4 fxe4 24.fxg4 Bf4 25.Bc3 Bxc1 26.Rxc1 Rc8  0-1

[Event "RUS-UKR Blitz g/3"]
[Site "bereg.ru INT"]
[Date "2003.12.14"]
[Round "12"]
[White "Moiseenko,A"]
[Black "Najer,E"]
[Result "1-0"]
[WhiteElo "2618"]
[BlackElo "2608"]

1.d4 d5 2.c4 c6 3.Nc3 Nf6 4.Nf3 a6 5.e3 e6 6.Bd3 dxc4 7.Bxc4 c5 8.a4 Nc6
9.O-O Be7 10.Qe2 cxd4 11.Rd1 e5 12.exd4 exd4 13.Be3 O-O 14.Nxd4 Nxd4 15.Bxd4 Bg4
16.f3 Bd7 17.a5 Rc8 18.Nd5 Nxd5 19.Bxd5 Bc5 20.Bxb7 Bxd4+ 21.Rxd4 Rb8 22.Bxa6 Qc7
23.Bd3 Be6 24.a6 Qa7 25.Qf2 h6 26.h4 Bb3 27.Bf1 Qc7 28.a7 Ra8 29.Rb4 Bd5
30.Qd4 Qe7 31.Rb8 Bc6 32.Rxf8+ Qxf8 33.b4 Qe7 34.b5 Bb7 35.b6 Rd8 36.Qf2 Qf6
37.Rc1 g6 38.Rc7 Bd5 39.b7 Bxb7 40.Rxb7 Kg7 41.Qb6 Qxh4 42.Rb8 Rd1 43.a8=Q Rxf1+
44.Kxf1 Qc4+ 45.Kg1 Qc1+ 46.Kh2 Qf4+ 47.g3 Qd2+ 48.Kh3 Qd7+ 49.Kg2 h5 50.Rg8+ Kh6
51.Rh8+ Kg5 52.Qad8+  1-0

[Event "RUS-UKR Blitz g/3"]
[Site "bereg.ru INT"]
[Date "2003.12.14"]
[Round "14"]
[White "Moiseenko,A"]
[Black "Kobalia,M"]
[Result "0-1"]
[WhiteElo "2618"]
[BlackElo "2656"]

1.d4 d5 2.c4 c6 3.Nc3 Nf6 4.Nf3 a6 5.e3 e6 6.Bd3 dxc4 7.Bxc4 b5 8.Bd3 c5
9.O-O Bb7 10.a4 b4 11.Nb1 Nbd7 12.Nbd2 cxd4 13.Nxd4 Nc5 14.Be2 e5 15.N4b3 Rc8
16.Nxc5 Bxc5 17.Nb3 Bd6 18.a5 O-O 19.Bd2 Qe7 20.f3 e4 21.f4 Rfd8 22.Rc1 Rxc1
23.Qxc1 Bd5 24.Nd4 Bc5 25.Nf5 Qa7 26.Kh1 Be6 27.Nd4 Bxd4 28.exd4 Rc8 29.Qe1 Bc4
30.Bxc4 Rxc4 31.Bxb4 Qb7 32.Bc3 Rc8 33.Qe2 Re8 34.h3 Nd5 35.f5 f6 36.Re1 e3
37.Qf3 Qb5 38.Qe2 Qb7 39.Qf3 Qb5 40.Qe2 Qxe2 41.Rxe2 Nf4 42.Re1 e2 43.Rb1 Nd3
44.Be1 Re4 45.b4 Rf4 46.b5 axb5 47.a6 Rxd4 48.a7 Ra4 49.Rxb5 Nxe1 50.Rb8+ Kf7
51.Rb6 Rxa7 52.Rb7+ Rxb7  0-1

[Event "4th NAO IM"]
[Site "Paris FRA"]
[Date "2003.12.23"]
[Round "9"]
[White "Nguyen Chi Minh"]
[Black "Lukov,V"]
[Result "0-1"]
[WhiteElo "2375"]
[BlackElo "2429"]

1.d4 Nf6 2.c4 c6 3.Nc3 d5 4.Nf3 a6 5.c5 e6 6.Bf4 Nh5 7.Bd2 Nd7 8.Qc2 f5 9.Ng5 Ndf6
10.f3 Be7 11.Nh3 Qc7 12.Na4 O-O 13.O-O-O Bd7 14.Nb6 Rae8 15.Ba5 Qb8 16.g4 fxg4
17.fxg4 e5 18.gxh5 exd4 19.Nxd7 Nxd7 20.h6 Qe5 21.hxg7 Rf7 22.Bd2 Nxc5 23.Ng5 Bxg5
24.Qxc5 Bf6 25.Qc2 c5 26.Bh3 c4 27.Qf5 c3 28.bxc3 dxc3 29.Qxe5 cxd2+ 30.Rxd2 Rxe5
31.Kb1 Kxg7 32.Bg2 d4 33.Bf3 Rc7 34.Rg1+ Kf7 35.Rd3 Rc3 36.Rgd1 Rb5+ 37.Ka1 Ke7
38.Rb1 Rxb1+ 39.Kxb1 Rc7 40.e3 dxe3 41.Rxe3+ Kd6 42.Rb3 b5 43.Ra3 Ra7 44.Be2 Kc5
45.Rh3 Kd4 46.Bd3 h5 47.Be2 h4 48.Rd3+ Kc5 49.Rf3 Bd4 50.Rf5+ Kb4 51.Rf4 Kc3
52.Rxh4 Re7 53.Rh3+ Be3 54.Bg4 Re4 55.a3 Kb3 56.Bf5 Re5 57.a4 Rxf5 58.Rxe3+ Kxa4
59.Re2 b4 60.Kb2 Rh5 61.Rg2 a5 62.Kc2 Kb5 63.Kb3 a4+ 64.Kc2 a3 65.Kb1 Ka4
66.Ka1 Rh3 67.Kb1 Rh4 68.Rf2 b3 69.Ka1 Rc4 70.Rf1 b2+ 71.Ka2 Rc1  0-1

[Event "ch-Arab m"]
[Site "Cairo EGY"]
[Date "2003.12.26"]
[Round "7"]
[White "Adly,A"]
[Black "El Gindy,E"]
[Result "1-0"]
[WhiteElo "2448"]
[BlackElo "2501"]

1.d4 Nf6 2.Nf3 d5 3.c4 c6 4.Nc3 a6 5.e3 b5 6.b3 Bg4 7.Be2 e6 8.O-O Nbd7 9.h3 Bh5
10.Bb2 Bd6 11.Ne5 Bxe2 12.Nxe2 Qc7 13.cxd5 cxd5 14.Rc1 Qb8 15.Nxd7 Nxd7 16.e4 O-O
17.e5 Be7 18.f4 Qb7 19.f5 exf5 20.Rxf5 Rac8 21.Rf3 Bg5 22.Rc2 b4 23.Bc1 Rxc2
24.Qxc2 Bxc1 25.Qxc1 Rc8 26.Qd2 Nf8 27.Ng3 g6 28.Qh6 Qc6 29.Kh2 Qc1 30.Qh4 Rc3
31.Ne2 Qd2 32.Nxc3 bxc3 33.Qf6  1-0

[Event "2nd Open"]
[Site "Nantes FRA"]
[Date "2003.12.27"]
[Round "3"]
[White "Rate,B"]
[Black "Fantin,L"]
[Result "1-0"]
[WhiteElo "2064"]
[BlackElo "2215"]

1.d4 d5 2.Nf3 Nf6 3.c4 c6 4.Nc3 a6 5.e3 b5 6.cxd5 cxd5 7.Bd3 Bg4 8.h3 Bh5
9.a4 b4 10.Na2 e6 11.Bd2 Nc6 12.Rc1 Qb6 13.Qc2 Nd8 14.Qb3 Bxf3 15.gxf3 Nc6
16.a5 Nxa5 17.Qa4+ Nd7 18.Nxb4 Bd6 19.Nxd5 Qb3 20.Qxa5 Qxd3 21.Nc7+ Bxc7
22.Qxc7 Qb5 23.Qd6 Qxb2 24.Rc7 Qb1+ 25.Bc1 Qb5 26.Ba3 Kd8 27.Rc3 Re8 28.Qc7+  1-0

[Event "19th Winter Open"]
[Site "Nice FRA"]
[Date "2003.12.27"]
[Round "3"]
[White "Sulava,N"]
[Black "Noally,T"]
[Result "1-0"]
[WhiteElo "2472"]
[BlackElo "2071"]

1.Nf3 d5 2.d4 Nf6 3.c4 c6 4.Nc3 a6 5.cxd5 cxd5 6.Bf4 Nc6 7.Rc1 Bf5 8.e3 e6
9.Qb3 Bb4 10.Ne5 Bxc3+ 11.bxc3 Qe7 12.Be2 O-O 13.Nxc6 bxc6 14.c4 c5 15.Qa3 Rfc8
16.O-O Qb7 17.dxc5 a5 18.cxd5 Nxd5 19.Bd6 Qb4 20.Qb3 Qxb3 21.axb3 a4 22.bxa4 Rxa4
23.Bb5 Ra7 24.Rfe1 Nf6 25.f3 e5  1-0

[Event "7th White Tower Open"]
[Site "Thessaloniki GRE"]
[Date "2003.12.27"]
[Round "8"]
[White "Shavtvaladze,N"]
[Black "Markidis,K"]
[Result "1-0"]
[WhiteElo "2429"]
[BlackElo "2368"]

1.d4 d5 2.c4 c6 3.Nc3 Nf6 4.Nf3 a6 5.Ne5 Nbd7 6.Bf4 e6 7.e3 Nxe5 8.Bxe5 b5
9.cxd5 cxd5 10.Bd3 Be7 11.O-O O-O 12.a4 b4 13.Na2 Ne8 14.Qe2 f6 15.Bg3 Bb7
16.Nc1 Nd6 17.Nb3 Ne4 18.Rfc1 e5 19.Bxe4 dxe4 20.dxe5 Qd5 21.Rc7 Rf7 22.Rd1 Qxb3
23.Rxb7 fxe5 24.h3 Raf8 25.Rdd7 Bf6 26.Rxf7 Rxf7 27.Qxa6 Rxb7 28.Qa8+ Kf7
29.Qxb7+ Ke6 30.a5 Qxb2 31.a6 b3 32.a7 Qa1+ 33.Kh2 b2 34.a8=Q Qxa8 35.Qxa8 b1=Q
36.Qg8+ Ke7 37.Qxh7 Qd3 38.Bh4 Bxh4 39.Qxg7+ Ke6 40.Qg4+ Kd5 41.Qxh4 Qf1
42.Qf6 Qe2 43.Qf7+ Kc5 44.Qe6 Qb2 45.h4 Qb8 46.h5  1-0

[Event "12th Donau Open"]
[Site "Aschach GER"]
[Date "2003.12.29"]
[Round "5"]
[White "Knechtl,R"]
[Black "Knoll,H"]
[Result "0-1"]
[WhiteElo "2214"]
[BlackElo "2364"]

1.d4 d5 2.c4 c6 3.Nc3 Nf6 4.Nf3 a6 5.cxd5 cxd5 6.Bf4 Nc6 7.e3 Bg4 8.Be2 e6
9.O-O Bd6 10.Bxd6 Qxd6 11.Rc1 O-O 12.Na4 Ne4 13.Nd2 Bxe2 14.Qxe2 f5 15.Nxe4 fxe4
16.Nc5 Qe7 17.f3 exf3 18.Rxf3 e5 19.Rxf8+ Rxf8 20.Qd2 exd4 21.exd4 Qf6 22.Rd1 Rf7
23.h3 h6 24.Nb3 Re7 25.Qf2 Qxf2+ 26.Kxf2 Kf7 27.Rd3 b6 28.Nd2 Ke8 29.a3 Kd7
30.g3 Kd6 31.Kf1 Na5 32.Rc3 Nc6 33.Rd3 Re6 34.Kf2 Re8 35.b3 Na7 36.Kf3 Nb5
37.a4 Na7 38.Re3 Rf8+ 39.Kg4 Nc6 40.Nf3 Rf6 41.Kh5 Ne7 42.g4 Rf4 43.Rd3 Ke6
44.Ne5 Re4 45.Nf3 Kf6 46.Ne5 Ke6 47.Nf3 Kf7 48.Ne5+ Kg8 49.Ng6 Nxg6 50.Kxg6 Re6+
51.Kf5 Kf7 52.Rc3 g6+ 53.Kf4 Re4+ 54.Kf3 Rxd4 55.Rc7+ Kf6 56.Rc6+ Kg5 57.Rxb6 Rd3+
58.Kg2 a5 59.h4+ Kxh4 60.Rxg6 Rxb3 61.Rxh6+ Kxg4 62.Rd6 Rd3 63.Ra6 Rd2+ 64.Kf1 Kf3
65.Ke1 Ra2 66.Rxa5 Ke4 67.Ra8 d4 68.Rh8 Rxa4 69.Rh3 Ra2 70.Kd1 Kd5 71.Rh7 Kc4
72.Rh8 Kc3 73.Rc8+ Kd3 74.Kc1 Ra1+ 75.Kb2 Re1 76.Rd8 Re2+ 77.Kc1 Rc2+ 78.Kd1 Rh2
79.Kc1 Rh1+ 80.Kb2 Re1 81.Rd7 Re8 82.Kc1 Rc8+ 83.Kd1 Kc3 84.Ke2 Re8+ 85.Kd1 Re4
86.Rc7+ Kd3 87.Rd7 Ke3 88.Rd8 Rg4 89.Re8+ Kd3 90.Ke1 Rg1+ 91.Kf2 Rd1 92.Rd8 Kc2
93.Rc8+ Kd2 94.Ra8 Rc1  0-1

[Event "19th Winter Open"]
[Site "Nice FRA"]
[Date "2003.12.29"]
[Round "6"]
[White "Hedman,E"]
[Black "Komljenovic,D"]
[Result "0-1"]
[WhiteElo "2318"]
[BlackElo "2440"]

1.Nf3 d5 2.d4 Nf6 3.c4 c6 4.Nc3 a6 5.c5 g6 6.Bf4 Nh5 7.e3 Bg7 8.Bd3 Nxf4
9.exf4 Bg4 10.Be2 Bxf3 11.Bxf3 b6 12.O-O Nd7 13.Na4 bxc5 14.dxc5 O-O 15.Rc1 Bh6
16.Qd4 e5 17.fxe5 Bxc1 18.Rxc1 Re8  0-1

[Event "ch-AUS"]
[Site "Adelaide AUS"]
[Date "2004.01.03"]
[Round "5"]
[White "Boyd,T"]
[Black "Zhao Zong Yuan"]
[Result "1/2-1/2"]
[WhiteElo "2253"]
[BlackElo "2398"]

1.d4 Nf6 2.c4 c6 3.Nc3 d5 4.Nf3 a6 5.a4 Bf5 6.e3 e6 7.Bd3 dxc4 8.Bxc4 Bb4
9.O-O Nbd7 10.Qb3 a5 11.Na2 Be7 12.Qxb7  1/2-1/2

[Event "Open"]
[Site "Praha CZE"]
[Date "2004.01.19"]
[Round "5"]
[White "Studnicka,T"]
[Black "Karhanek,P"]
[Result "0-1"]
[WhiteElo "2334"]
[BlackElo "2159"]

1.d4 d5 2.c4 c6 3.Nf3 Nf6 4.Nc3 a6 5.c5 Bg4 6.Ne5 Bh5 7.Qb3 Ra7 8.h3 Nfd7
9.Nxd7 Nxd7 10.f4 e5 11.g4 exd4 12.Nxd5 Qh4+ 13.Kd1 Bxg4 14.Nb6 Nxc5 15.Qc4 Be7
16.Bg2 Be6 17.Qxd4 O-O 18.Bd2 Rd8 19.Qe3 Bf6 20.Qxc5 Bd4 21.Qa3 Bxb6 22.Rf1 Raa8
23.Kc2 Rd4 24.Rad1 Rad8 25.e3 Bf5+ 26.e4 Be6 27.Qf3 Bc4 28.Rfe1 Rd3 29.Qg4 Qxg4
30.hxg4 Bxa2 31.Bc3 Rxd1 32.Rxd1 Bb3+  0-1

[Event "Itau Cup 450th Ann"]
[Site "Sao Paulo BRA"]
[Date "2004.01.19"]
[Round "4"]
[White "Coelho,L"]
[Black "Dianda,J"]
[Result "1/2-1/2"]
[WhiteElo "2401"]
[BlackElo "2114"]

1.Nf3 d5 2.d4 Nf6 3.c4 c6 4.Nc3 a6 5.e3 Bf5 6.Qb3 Ra7 7.Nh4 Bg6 8.Nxg6 hxg6
9.g3 e6 10.Bg2 b5 11.c5 e5 12.a4 exd4 13.exd4 Re7+ 14.Be3 Rb7 15.axb5 axb5
16.Ra8 Be7 17.O-O O-O 18.Na2 Qd7 19.Nb4 Ra7 20.Ra1 Rxa1+ 21.Rxa1 Ng4 22.Bh3 f5
23.Bxg4 fxg4 24.Ra8 Qf5 25.Qd3 Qe6 26.Bd2 Nd7 27.Rxf8+ Bxf8 28.Qe3 Qf6 29.Qf4 Qe6
30.Be3 Be7 31.Qc7 Qe4 32.Qxd7 Qb1+ 33.Kg2 Qe4+ 34.Kf1 Qb1+ 35.Kg2 Qe4+ 36.Kf1 Qb1+
37.Ke2 Qxb2+ 38.Kd1 Qb1+ 39.Ke2 Qb2+ 40.Kd1 Qb1+ 41.Ke2 Qb2+  1/2-1/2

[Event "Open"]
[Site "Auckland NZL"]
[Date "2004.01.21"]
[Round "6"]
[White "Thornton,Gin"]
[Black "Goodhue,N"]
[Result "0-1"]
[WhiteElo "1957"]
[BlackElo "2127"]

1.d4 d5 2.c4 c6 3.Nf3 Nf6 4.Nc3 a6 5.cxd5 cxd5 6.Bg5 e6 7.e3 Bd6 8.Bd3 b5
9.a3 Bb7 10.O-O Nbd7 11.Rc1 Qb6 12.b4 O-O 13.Nd2 Ne8 14.Nb3 f6 15.Bh4 Be7
16.Bb1 g5 17.Qh5 Rf7 18.Bg3 f5 19.h3 Rg7 20.Qe2 Bd6 21.Bxd6 Nxd6 22.Nc5 Nc4
23.a4 Nf6 24.axb5 axb5 25.Bd3 g4 26.h4 g3 27.f3 Ne8 28.Rfd1 Qd8 29.Kf1 Qxh4
30.Ke1 Qh1+ 31.Qf1 Qxf1+ 32.Bxf1 Nxe3 33.Rd2 Nxf1 34.Kxf1 Bc8 35.Re1 Nc7
36.Ne2 Ra3 37.Nf4 Na6 38.Nxd5 exd5 39.Re8+ Kf7 40.Rxc8 Ra1+ 41.Ke2 Nxb4 42.Rb8 Kg6
43.Re8 f4 44.Re6+ Kf7 45.Rb6 Rg1 46.Rb7+ Kg6 47.Rxg7+ Kxg7 48.Ne6+ Kf6 49.Nxf4 Kf5
50.Ke3 Re1+ 51.Ne2 Nc6 52.Rc2 Na5 53.Kd2 Rb1 54.Nxg3+ Ke6 55.Rc1 Nc4+ 56.Kd1 Ne3+
57.Kd2 Rxc1 58.Kxc1 Nxg2 59.Kd2 Kf6 60.Kc3 Kg5 61.Kb4 Kf4 62.Nh5+ Kg5 63.Ng3 h5
64.Kxb5 h4 65.Nf1 h3 66.Kc5 Ne3 67.Nxe3 h2 68.f4+ Kxf4 69.Nxd5+ Kf3 70.Ne7 h1=Q
71.d5 Qc1+ 72.Kd6 Kf4 73.Ke6 Qe3+ 74.Kd7 Qa7+ 75.Ke6 Qa2 76.Kd6 Qa6+ 77.Nc6 Kf5
78.Kd7 Qb7+ 79.Kd6 Kf6 80.Kc5 Qd7 81.Nb4 Qa7+ 82.Kb5 Qb7+ 83.Kc5 Ke7 84.Nc6+ Kd7
85.Ne5+ Kc8 86.Nc6 Qb1 87.Ne7+ Kd7 88.Nc6 Qc1+ 89.Kb5 Kd6 90.Nb4 Qb1 91.Ka5 Kc5
92.Na6+ Kxd5 93.Nc7+ Kc6  0-1